Les plus grandes statues de France - Statistiques

Statistiques générales
  • Ce quiz a été pris 30 fois
  • Le résultat moyen est 3 sur 9
Statistiques - réponses
Sujet Taille en
mètres
Département Commune % Correct
Vierge Marie 11.20 13 Marseille
90%
Lion 11 90 Belfort
63%
Dieu grec 7 06 Nice
53%
Vierge Marie 16 43 Le Puy-en-Velay
50%
Vercingétorix 6.60 21 Alise-Sainte-Reine
17%
Joseph 14.90 43 Espaly-Saint-Marcel
3%
Jésus Christ 25 74 Les Houches
3%
Vierge Marie 32.60 01 Miribel
3%
Vierge Marie 14 63 Monton
0%
Aucun quiz correspondant
Distribution des résultats
% des personnes avec chaque résultat
Percentile par nombre de réponses
Votre historique - résultats
Vous n’avez pas pris ce quiz